000 00183 a2200097 4500
020 _a9781512429428
041 _aspa
100 _aTessa Kenan
245 _aMira un Delfin
942 _cK
999 _c27526
_d27526